Normal view
MARC view
- Waters, W. H. H
Entry Personal Name
001 - CONTROL NUMBER
- control field: 50076
003 - CONTROL NUMBER IDENTIFIER
- control field: NUST
005 - DATE AND TIME OF LATEST TRANSACTION
- control field: 20210314134527.0
008 - FIXED-LENGTH DATA ELEMENTS
- fixed length control field: 210314|| aca||aabn | a|a d
040 ## - CATALOGING SOURCE
- Original cataloging agency: NUST
- Transcribing agency: NUST
100 ## - HEADING--PERSONAL NAME
- Personal name: Waters, W. H. H
670 ## - SOURCE DATA FOUND
- Source citation: Work cat.: (NUST): Prussia (Kingdom). 49435, The war in South Africa /, 1904.
